Geography - Guess the Category - Statistics

General Stats
  • This quiz has been taken 85 times
  • The average score is 13 of 15
Answer Stats
Hint Answer % Correct
Nile, Amazon, Yellow River
99%
Caspian, Red, Mediterranean Sea
97%
Africa, Oceania, South America Continent
96%
Sahara, Arabian, Antarctic Desert
96%
Long, Java, Sicily Island
96%
London, Tunis, Ottawa Capital
94%
Texas, California, Wisconsin State
94%
Singapore, Barcelona, New York City
92%
Michigan, Victoria, Loch Ness Lake
92%
India, Egypt, Ukraine Country
88%
of Mexico, of Guinea, Persian Gulf
88%
Crimean, Peloponnese,Yucatan Peninsula
87%
Bengal, San Francisco, Chesapeake Bay
81%
Monaco, San Marino, Vatican City Microstate
64%
Bermuda, Falkland Islands, French Polynesia Colony
23%
No matching quizzes found
Score Distribution
Percent of People with Each Score
Percentile by Number Answered
Your Score History
You have not taken this quiz